Information linkage between applied mathematics and industry
Spremljeno u:
| Glavni autori: | , , , |
|---|---|
| Format: | Knjiga |
| Jezik: | engleski |
| Izdano: |
Nueva York
Academic Press
1980
|
| Teme: | |
| Oznake: |
Dodaj oznaku
Bez oznaka, Budi prvi tko označuje ovaj zapis!
|
MARC
| LEADER | 00000nam a2200000 a 4500 | ||
|---|---|---|---|
| 001 | UCP1832 | ||
| 003 | CL-VaPUC | ||
| 005 | 20230713112259.0 | ||
| 008 | 990426e19800000us 1 eng d | ||
| 082 | 0 | 4 | |a 510.246 |b SCH |2 21 |
| 100 | 1 | |a Schoenstadt, Arthur L |e author |9 619437 | |
| 700 | 1 | |a Faulkner, Frank D |e author |9 619438 | |
| 700 | 1 | |a Franke, Richard |e author |9 619439 | |
| 700 | 1 | |a Russak, I. Bert |e author |9 619440 | |
| 245 | 1 | 0 | |a Information linkage between applied mathematics and industry |
| 260 | |a Nueva York |b Academic Press |c 1980 | ||
| 300 | |a v | ||
| 583 | |a last modification |c 19990426 00:00:00 |k Rodrigo Vera | ||
| 650 | 0 | 0 | |a Matemáticas para ingenieros |9 259317 |
| 650 | 0 | 0 | |a Sistemas lineales |9 384816 |
| 650 | 0 | 0 | |a Matrices |9 22 |
| 650 | 0 | 7 | |a REGRESION |2 CL-VaPUC |9 619441 |
| 942 | |c BK | ||
| 945 | |a crobeson |d 19990426 00:00:00 | ||
| 546 | |a En Inglés | ||
| 536 | |a Naval Postgraduate School | ||
| 518 | |p Workshop on the Information Linkage between Applied Mathematics and Industry, 2, Monterey, 1979 | ||
| 999 | |c 383398 |d 383396 | ||